000 00302nam a2200121Ia 4500
008 190216s9999||||xx |||||||||||||| ||und||
100 _aThomas L Floyd
245 0 _aDigital Fundamentals
260 _bPearson Education International
_c2000
300 _ain-6p
650 _aComputer Science
942 _cBK
999 _c8754
_d8754